000 00306nam a22001337a 4500
008 260223b ||||| |||| 00| 0 eng d
020 _a9951050360
041 _aShqip
080 _a2.1
100 _a20.1
101 _aLetrare
245 _aE shkuara e Një Iluzioni
_cFrançois Furet
942 _2lcc
_cBK
999 _c60846
_d60846